Le donne di Darkover /

Già protagoniste di alcuni romanzi come La catena spezzata, le Rinunciatarie (dette anche le Libere Amazzoni di Darkover) sono un fenomeno peculiare nella società darkovana, fondata sulla predominanza maschile. Il profondo anelito alla libertà e all'indipendenza che caratterizza queste donne le ha r...

Fuld beskrivelse

Saved in:
Bibliografiske detaljer
Andre forfattere: Bradley, Marion Zimmer, Zuddas, Gianluigi (Translator)
Format: Bog
Sprog:italiensk
Udgivet: Milano : Nord, [2007!
Serier:Fantacollana ; 206
Fag:
Tags: Tilføj Tag
Ingen Tags, Vær først til at tagge denne postø!

MARC

LEADER 00000nam a22000007i 4500
001 IT\ICCU\RAV\1600753
003 ItRI
005 20260115232103.0
008 071016s2007 it |||||| ||||| |||||c
020 |a 9788842915300 
040 |b ita  |c importazione bologna sebina 
041 7 |a ita  |2 ISO-639-2 
082 |a 813.0876608  |9 NARRATIVA AMERICANA IN LINGUA INGLESE. FANTASY. RACCOLTA  |2 21 
130 0 |a Renunciates of Darkover.  |3 IT\ICCU\RAV\1600777 
245 0 3 |a Le donne di Darkover /  |c traduzione di Gianluigi Zuddas. 
260 |a Milano :  |b Nord,  |c [2007! 
300 |a 370 p. ;  |c 21 cm 
500 |a Prima del titolo: Marion Zimmer Bradley presenta 
500 |a Scelta di racconti. 
520 |a Già protagoniste di alcuni romanzi come La catena spezzata, le Rinunciatarie (dette anche le Libere Amazzoni di Darkover) sono un fenomeno peculiare nella società darkovana, fondata sulla predominanza maschile. Il profondo anelito alla libertà e all'indipendenza che caratterizza queste donne le ha rese tra i personaggi più popolari della saga, specialmente presso le lettrici, che si sono subito immedesimate nella loro forza, nel loro coraggio e nella loro determinazione, tutte caratteristiche sancite dal giuramento in cui le Rinunciatarie proclamano la loro insofferenza per qualsiasi forma di schiavitù, sia quella determinata dalla devozione alla famiglia, al clan, al casato, al tutore o al sovrano sia quella basata sui vincoli sociali che impongono la sottomissione all'uomo. 
650 7 |a Fantasy americana  |x Antologie  |2 scbi 
700 1 |a Bradley, Marion Zimmer  |0 IT\ICCU\CFIV\039273 
700 1 |a Zuddas, Gianluigi  |0 IT\ICCU\CFIV\058431  |4 trl 
790 1 |a Bradley, M. Zimmer  |3 IT\ICCU\CFIV\372184  |z Bradley, Marion Zimmer 
790 1 |a Zimmer Bradley, Marion  |3 IT\ICCU\CFIV\085142  |z Bradley, Marion Zimmer 
830 0 |a Fantacollana ;  |v 206  |0 IT\ICCU\CFI\0003102 
942 |2 ddc  |c BK  |n 0 
952 |0 0  |1 0  |4 0  |6 DOC_813_540000000000000_ZIM  |7 0  |9 19810  |a BO  |b BO  |d 2026-01-15  |i 20002  |l 0  |o DOC 813.54 ZIM  |p BO20002  |r 2026-01-15 23:21:03  |w 2026-01-15  |x [Sebina 5] [1 v.]  |y BK  |z 1 v. 
999 |c 16889  |d 16889